| 000 | 01294nam a2200325Ia 4500 | ||
|---|---|---|---|
| 001 | ebr10250959 | ||
| 003 | CaPaEBR | ||
| 006 | m u | ||
| 007 | cr cn||||||||| | ||
| 008 | 900424s1990 enka sb 001 0 eng d | ||
| 010 | _z 90012439 | ||
| 020 | _z9781850752233 | ||
| 020 | _z1850752230 | ||
| 040 |
_aCaPaEBR _cCaPaEBR |
||
| 035 | _a(OCoLC)320324889 | ||
| 050 | 1 | 4 |
_aDS111 _b.A76 1990eb |
| 100 | 1 | _aArnold, Patrick M. | |
| 245 | 1 | 0 |
_aGibeah _h[electronic resource] : _bthe search for a Biblical city / _cPatrick M. Arnold. |
| 260 |
_aSheffield : _bJSOT Press, _c1990. |
||
| 300 |
_a196 p. : _bill. |
||
| 490 | 1 |
_aJournal for the study of the Old Testament. Supplement series ; _v79 |
|
| 504 | _aIncludes bibliography and index. | ||
| 533 |
_aElectronic reproduction. _bPalo Alto, Calif. : _cebrary, _d2009. _nAvailable via World Wide Web. _nAccess may be limited to ebrary affiliated libraries. |
||
| 650 | 0 |
_aExcavations (Archaeology) _zIsrael. |
|
| 651 | 0 |
_aIsrael _xAntiquities. |
|
| 655 | 7 |
_aElectronic books. _2local |
|
| 710 | 2 | _aebrary, Inc. | |
| 830 | 0 |
_aJournal for the study of the Old Testament. _pSupplement series ; _v79. |
|
| 856 | 4 | 0 |
_uhttp://site.ebrary.com/lib/rucke/Doc?id=10250959 _zAn electronic book accessible through the World Wide Web; click to view |
| 999 |
_c150004 _d150004 |
||